Mathematical impressions /

Guardado en:
Autor Principal: Fomenko, A. T.
Formato: Libro
Idioma:English
Publicado: Providence, R.I. : American Mathematical Society, c1990.
Materias:
Etiquetas: Agregar Etiqueta
Sin Etiquetas, Sea el primero en etiquetar este registro!
LEADER 00911cam a2200229 a 4500
001 MAT.inmabb003348
008 900824s1990####riua#####c####001#0#eng##
005 20151118152834.0
245 1 0 |a Mathematical impressions /  |c Anatolii T. Fomenko ; with the writing assistance of Richard Lipkin. 
260 |a Providence, R.I. :  |b American Mathematical Society,  |c c1990. 
300 |a 184 p. :  |b il. (algunas col.) ;  |c 29 cm. 
500 |a Contiene 84 ilustraciones realizadas por Fomenko, basadas en temas matemáticos. 
500 |a Texto introductorio: Anatolii Fomenko : ideas and reminiscences / by Richard Lipkin. 
510 4 |a MR,  |c 92f:00007 
020 |a 0821801627 
100 1 |a Fomenko, A. T. 
600 1 0 |a Fomenko, A. T.  |x Catalogs. 
650 0 |a Art  |x Mathematics  |x Catalogs. 
084 |a 00A08 (00A06 01A70)  |2 msc2000 
010 |a  90047514  
040 |a DLC  |c DLC  |d DLC 
859 |h 00A08  |i F6725  |p A-6421  |b BIB. MATEMATICA